المساجد: بيانات احصائية عن المساجد الأهلية فى الجمهورية العربية المتحدة

محفوظ في:

مؤلف مشترك: وزارة الأوقاف.

التنسيق: كتاب

اللغة: Undetermined

منشور في: Al-Qāhirah وزارة الأوقاف 1963-1964

الوسوم: إضافة وسم

لا توجد وسوم, كن أول من يضع وسما على هذه التسجيلة!

رقم الطلب: N33 WAQF

LEADER 00445nam a2200121Ia 4500
008 240404s9999||||xx |||||||||||||| ||und||
050 4 |a N33 WAQF 
110 0 |a وزارة الأوقاف. 
245 1 0 |a المساجد: بيانات احصائية عن المساجد الأهلية فى الجمهورية العربية المتحدة 
264 1 |a Al-Qāhirah  |b وزارة الأوقاف  |c 1963-1964 
300 |a 2 volumes  |c 24 
942 |2 lcc  |c BK 
999 |c 58096  |d 58096